[Event "SR 2. liga A 2012/2013"]
[Site "?"]
[Date "2012.10.14"]
[Round "8.4"]
[White "Kimerling, Martin"]
[Black "Hricak, Vasil"]
[Result "1-0"]
[WhiteElo "2027"]
[BlackElo "2124"]
[PlyCount "117"]
[EventDate "2012.??.??"]
[WhiteTeam "KSN"]
[BlackTeam "DNV A"]

1. d4 d6 2. Nf3 Nd7 3. c4 e5 4. Nc3 Ngf6 5. g3 g6 6. Bg2 Bg7 7. O-O O-O 8. e4
Re8 9. h3 exd4 10. Nxd4 Nc5 11. Re1 Ne6 12. Be3 a6 13. Nb3 Rb8 14. Qc2 Bd7 15.
Rad1 Qc8 16. Kh2 Bc6 17. Nd5 b6 18. f4 Nc5 19. Nd4 Bd7 20. Bf2 Nxd5 21. cxd5 a5
22. Nc6 Bxc6 23. dxc6 Qe6 24. b3 Na6 25. f5 Qe7 26. Qc4 Nc5 27. a3 Be5 28. fxg6
hxg6 29. Rf1 Qe6 30. Bxc5 Qxc4 31. bxc4 bxc5 32. Rb1 a4 33. Rb7 Rxb7 34. cxb7
Rb8 35. Rb1 Bc3 36. Bf3 Ba5 37. Bg4 Bb6 38. Bc8 Kg7 39. Kg2 f6 40. Kf3 Ba5 41.
e5 dxe5 42. Ke4 c6 43. Rd1 f5+ 44. Ke3 Bc3 45. Rd6 g5 46. g4 Bd4+ 47. Ke2 fxg4
48. hxg4 e4 49. Rxc6 Be5 50. Rxc5 Bf4 51. Ra5 Kf6 52. Rxa4 Ke5 53. Ra5+ Kd4 54.
c5 Kd5 55. Rb5 Kc6 56. a4 Kd5 57. a5 Kc6 58. Rb1 Kxc5 59. a6 1-0

[Event "SR 2. liga A 2012/2013"]
[Site "?"]
[Date "2012.10.14"]
[Round "8.5"]
[White "Sosovicka, Juraj"]
[Black "Sebo, Viktor"]
[Result "1/2-1/2"]
[WhiteElo "2089"]
[BlackElo "2073"]
[PlyCount "117"]
[EventDate "2012.??.??"]
[WhiteTeam "DNV A"]
[BlackTeam "KSN"]

1. e4 d6 2. d4 Nf6 3. Nc3 g6 4. Nf3 Bg7 5. h3 c5 6. dxc5 Qa5 7. Bd2 Qxc5 8. Bd3
a6 9. O-O Nbd7 10. Be3 Qc7 11. Bd4 Ne5 12. Nxe5 dxe5 13. Be3 Be6 14. Qe2 Nh5
15. Nd5 Bxd5 16. exd5 Nf4 17. Bxf4 exf4 18. Rad1 O-O 19. Rfe1 Bf6 20. c3 Rfe8
21. Bc4 Rad8 22. Bb3 Rd6 23. Rd3 Rdd8 24. Qe4 Qd6 25. Rf3 Bg5 26. Kh2 Qf6 27.
Rd1 Kg7 28. Rd4 Bh6 29. Rb4 b5 30. a4 Rb8 31. axb5 Rxb5 32. Rxb5 axb5 33. Rd3
Qd6 34. Rd4 Bg5 35. Qd3 Qe5 36. Re4 Qb8 37. Rb4 Qe5 38. Re4 Qb8 39. Rb4 Qe5 40.
Rxb5 f3+ 41. Kg1 Ra8 42. Qf1 fxg2 43. Kxg2 Bh4 44. Rb4 h5 45. Kh1 g5 46. Kg1
Qf5 47. Rd4 Rb8 48. Rb4 Ra8 49. Rd4 Rb8 50. Rb4 Rxb4 51. cxb4 Qf3 52. Bc4 f5
53. Qe2 Qxe2 54. Bxe2 g4 55. b5 Bf6 56. b3 Bd4 57. hxg4 hxg4 58. Kg2 Kf6 59. f3
1/2-1/2

[Event "SR 2. liga A 2012/2013"]
[Site "?"]
[Date "2012.10.14"]
[Round "8.6"]
[White "Padysak, Tomas"]
[Black "Prikler, Bruno"]
[Result "1-0"]
[WhiteElo "2035"]
[BlackElo "2092"]
[PlyCount "93"]
[EventDate "2012.??.??"]
[WhiteTeam "KSN"]
[BlackTeam "DNV A"]

1. e4 d6 2. d4 e5 3. dxe5 dxe5 4. Qxd8+ Kxd8 5. Bc4 Be6 6. Bxe6 fxe6 7. Be3 Bd6
8. Nd2 Nf6 9. f3 Nc6 10. O-O-O Ke7 11. Ne2 h6 12. h4 b5 13. Nb3 a5 14. Nc5 Rhb8
15. g4 a4 16. Rdg1 Nd7 17. Nxd7 Kxd7 18. g5 h5 19. f4 b4 20. f5 b3 21. cxb3 Rb4
22. Nc3 axb3 23. a3 Rc4 24. Kd2 Nd4 25. Kd3 Rc6 26. f6 g6 27. Rc1 Nc2 28. Nb1
Nxe3 29. Rxc6 Kxc6 30. Kxe3 Bc5+ 31. Ke2 Bd4 32. Nc3 Bxc3 33. Rc1 Kc5 34. Ke3
Kd6 35. Rxc3 Rb8 36. Kd3 Kd7 37. Kc4 Rb6 38. Rxb3 Rc6+ 39. Kd3 Rc1 40. Rb8 Rf1
41. a4 c6 42. a5 Kc7 43. Rg8 Rf3+ 44. Kc2 Rf4 45. Rxg6 Rxh4 46. f7 Rf4 47. Rf6
1-0

[Event "SR 2. liga A 2012/2013"]
[Site "?"]
[Date "2012.10.14"]
[Round "8.7"]
[White "Macka, Oto"]
[Black "Sklars, Tomas"]
[Result "1-0"]
[WhiteElo "2027"]
[BlackElo "2003"]
[PlyCount "65"]
[EventDate "2012.??.??"]
[WhiteTeam "DNV A"]
[BlackTeam "KSN"]

1. e4 c5 2. Nf3 g6 3. d4 cxd4 4. Nxd4 Nc6 5. c4 Nf6 6. Nc3 d6 7. Be2 Nxd4 8.
Qxd4 Bg7 9. O-O O-O 10. Bg5 Bd7 11. Rac1 Bc6 12. Qe3 a5 13. b3 Bd7 14. h3 Be6
15. Rfd1 Nd7 16. Na4 f6 17. Bf4 b6 18. Bg3 Nc5 19. Nc3 Qd7 20. Nd5 Rfb8 21. f4
Bh6 22. Bf3 b5 23. cxb5 Rxb5 24. Rc4 Qd8 25. Qe2 Rab8 26. e5 fxe5 27. fxe5 Bf8
28. exd6 Bxd5 29. Bxd5+ e6 30. Bxe6+ Nxe6 31. Qxe6+ Kh8 32. Rc7 Qg5 33. Bf2 1-0

[Event "SR 2. liga A 2012/2013"]
[Site "?"]
[Date "2012.10.14"]
[Round "8.8"]
[White "Vrtiakova, Anna"]
[Black "Karas, Marek"]
[Result "0-1"]
[WhiteElo "1699"]
[BlackElo "1951"]
[PlyCount "90"]
[EventDate "2012.??.??"]
[WhiteTeam "KSN"]
[BlackTeam "DNV A"]

1. e4 e6 2. d4 d5 3. Nc3 Bb4 4. e5 c5 5. a3 Ba5 6. Qg4 Ne7 7. Nf3 Nf5 8. Bd3 h5
9. Qf4 cxd4 10. Bxf5 dxc3 11. b4 exf5 12. bxa5 Nc6 13. O-O Be6 14. Nd4 Nxa5 15.
Nxf5 Bxf5 16. Qxf5 Qd7 17. Qf3 d4 18. Bg5 Nc6 19. h3 O-O 20. Qxh5 Nxe5 21. Rad1
Qf5 22. Qh4 f6 23. Bc1 Nc6 24. Rd3 b5 25. Rfd1 a5 26. Qg3 Rad8 27. Bh6 Qh7 28.
Bf4 Rf7 29. Bc7 Rdd7 30. Bf4 Qe4 31. f3 Qf5 32. Re1 Rfe7 33. Rxe7 Rxe7 34. Kf1
Qe6 35. Qf2 Qc4 36. Kg1 b4 37. axb4 axb4 38. Qf1 b3 39. cxb3 Qxb3 40. Qa1 Re8
41. Kh2 Qc4 42. Rd1 d3 43. Qc1 Nd4 44. Bg3 Ne2 45. Qa3 c2 0-1

[Event "SR 2. liga A 2012/2013"]
[Site "?"]
[Date "2012.10.14"]
[Round "9.1"]
[White "Kundrik, Peter"]
[Black "Zatko, Gregor"]
[Result "1/2-1/2"]
[WhiteElo "2248"]
[BlackElo "2148"]
[PlyCount "25"]
[EventDate "2012.??.??"]
[WhiteTeam "Piestany"]
[BlackTeam "DNV B"]

1. e4 g6 2. d4 Bg7 3. Nc3 a6 4. Be3 d6 5. Qd2 Nd7 6. Nf3 c5 7. a4 Ngf6 8. h3 b6
9. d5 O-O 10. Bh6 Ne8 11. h4 Ndf6 12. Bd3 e6 13. Ne2 1/2-1/2

[Event "SR 2. liga A 2012/2013"]
[Site "?"]
[Date "2012.10.14"]
[Round "9.2"]
[White "Odler, Daniel"]
[Black "Mihalik, Marek"]
[Result "1/2-1/2"]
[WhiteElo "2110"]
[BlackElo "2019"]
[PlyCount "94"]
[EventDate "2012.??.??"]
[WhiteTeam "DNV B"]
[BlackTeam "Piestany"]

1. e4 c5 2. Nf3 d6 3. d4 cxd4 4. Nxd4 Nf6 5. Nc3 a6 6. Be3 e5 7. Nb3 Be7 8. f4
exf4 9. Bxf4 Nc6 10. Qe2 O-O 11. h3 Qc7 12. O-O-O Ne5 13. g4 Be6 14. Nd5 Nxd5
15. exd5 Bd7 16. Nd4 Ng6 17. Be3 Rfe8 18. Qd2 Rac8 19. Kb1 Bf6 20. Bd3 Qc5 21.
Bxg6 hxg6 22. Nf5 Qc7 23. Nd4 Qc4 24. Bf4 Bxd4 25. Qxd4 Qxc2+ 26. Ka1 Rc4 27.
Qd2 Qxd2 28. Bxd2 Rd4 29. Bc3 Rde4 30. Rde1 Rxe1+ 31. Rxe1 Rxe1+ 32. Bxe1 Kf8
33. Kb1 g5 34. Kc2 f6 35. Kd2 Ke7 36. Ke3 Bb5 37. Kd4 Bf1 38. h4 gxh4 39. Bxh4
g5 40. Be1 Be2 41. a4 Bd1 42. a5 Bxg4 43. Bd2 Bf3 44. Kc4 Bh1 45. Kd4 Kd7 46.
Bc1 Ke7 47. Bd2 Kd7 1/2-1/2

[Event "SR 2. liga A 2012/2013"]
[Site "?"]
[Date "2012.10.14"]
[Round "9.3"]
[White "Manak, Jozef"]
[Black "Szollos, Ondrej"]
[Result "1-0"]
[WhiteElo "2020"]
[BlackElo "1979"]
[PlyCount "105"]
[EventDate "2012.??.??"]
[WhiteTeam "Piestany"]
[BlackTeam "DNV B"]

1. e4 d6 2. d4 Nf6 3. Nc3 Bg4 4. f3 Bh5 5. Be3 Nbd7 6. Qd2 a6 7. h4 h6 8. Nge2
e5 9. d5 Bg6 10. g4 h5 11. g5 Ng8 12. Bh3 Ne7 13. O-O-O Nc8 14. Rhf1 Be7 15.
Ng3 Ncb6 16. b3 Rc8 17. Kb2 c5 18. dxc6 Rxc6 19. a4 Nc5 20. Bf5 O-O 21. Ra1 Ne6
22. a5 Nd7 23. Bxg6 fxg6 24. Qd5 Ndc5 25. b4 Kh7 26. bxc5 Qc8 27. Nge2 Nxc5 28.
Qd2 b5 29. Bxc5 Rxc5 30. Nd5 Bd8 31. Nb4 Rf7 32. Nc3 Rc4 33. Ncd5 Qh3 34. Rh1
Qc8 35. Qe3 Qb7 36. c3 Bc7 37. Rhf1 Qc8 38. f4 exf4 39. Rxf4 Rxf4 40. Qxf4 Qh3
41. Qf7 Bd8 42. Qxg6+ Kxg6 43. Nf4+ Kh7 44. Nxh3 Rxe4 45. Nxa6 Rxh4 46. Ng1 Rg4
47. Nf3 Rg3 48. Nd4 Rxg5 49. Ne6 Rg2+ 50. Kb3 Bf6 51. Nac7 b4 52. Kxb4 Rb2+ 53.
Kc4 1-0

[Event "SR 2. liga A 2012/2013"]
[Site "?"]
[Date "2012.10.14"]
[Round "9.4"]
[White "Zitniak, Jozef"]
[Black "Stepanovic, Branislav"]
[Result "0-1"]
[WhiteElo "1906"]
[BlackElo "1992"]
[PlyCount "98"]
[EventDate "2012.??.??"]
[WhiteTeam "DNV B"]
[BlackTeam "Piestany"]

1. e4 c5 2. Ne2 Nc6 3. d4 cxd4 4. Nxd4 Nf6 5. Nc3 d6 6. Bb5 Bd7 7. Bxc6 bxc6 8.
O-O e5 9. Nb3 Be7 10. Bg5 Bg4 11. f3 Be6 12. Qe2 Nxe4 13. Qxe4 Bxg5 14. Qxc6+
Kf8 15. Rfd1 Be7 16. Rac1 Qb6+ 17. Qxb6 axb6 18. a3 Rc8 19. Kf2 Bg5 20. Rb1 d5
21. Nd2 d4 22. Nce4 Be3+ 23. Ke1 Rxc2 24. Rdc1 Rxc1+ 25. Rxc1 f5 26. Nd6 Ke7
27. Nb5 Rc8 28. Rxc8 Bxd2+ 29. Kxd2 Bxc8 30. Nc7 Bb7 31. a4 Kd7 32. Nb5 Bc6 33.
Na3 Bxa4 34. Nc4 Ke6 35. b4 b5 36. Nb2 e4 37. f4 Bb3 38. g3 Kd5 39. Ke2 Bc4+
40. Kd2 e3+ 41. Kc2 d3+ 42. Kc3 h6 43. Nd1 Ke4 44. Nb2 Kf3 45. Nxc4 bxc4 46. b5
e2 47. b6 e1=Q+ 48. Kxc4 Qe4+ 49. Kc5 d2 0-1

[Event "SR 2. liga A 2012/2013"]
[Site "?"]
[Date "2012.10.14"]
[Round "9.6"]
[White "Lobodas, Andrej"]
[Black "Manak, Adrian"]
[Result "1-0"]
[WhiteElo "1881"]
[BlackElo "1949"]
[PlyCount "129"]
[EventDate "2012.??.??"]
[WhiteTeam "DNV B"]
[BlackTeam "Piestany"]

1. e4 e6 2. d4 d5 3. e5 c5 4. c3 Nc6 5. Bb5 Bd7 6. Ba4 Qa5 7. Bxc6 bxc6 8. Nd2
cxd4 9. Nb3 Qb6 10. Qxd4 c5 11. Qg4 h5 12. Qg3 Bb5 13. Be3 Nh6 14. f4 Nf5 15.
Qf2 Nxe3 16. Qxe3 Bc4 17. Qd2 Bxb3 18. axb3 Qxb3 19. Ra3 Qb6 20. Qc2 Qb7 21.
Qa4+ Qd7 22. Qa6 c4 23. b4 Be7 24. Nf3 O-O 25. O-O Rfc8 26. Nd4 Bd8 27. Qa4
Qxa4 28. Rxa4 Bb6 29. Rd1 Bxd4+ 30. Rxd4 f6 31. Ra6 Kf7 32. Kf2 Ke7 33. Ke3 Kd7
34. Rd6+ Ke7 35. Rd1 fxe5 36. fxe5 Rf8 37. Ra1 Rf5 38. Kd4 Rf4+ 39. Kc5 Re4 40.
Rda6 Rc8+ 41. Rc6 Rxc6+ 42. Kxc6 Rxe5 43. Rxa7+ Kf6 44. b5 Re3 45. Ra3 Re2 46.
b6 Rb2 47. b7 Ke5 48. Ra5 Rxb7 49. Kxb7 Ke4 50. Kc6 Kd3 51. Ra3 d4 52. cxd4+
Kxd4 53. Ra4 Kd3 54. Kd6 c3 55. Kxe6 c2 56. Ra1 Kd2 57. Kf5 c1=Q 58. Rxc1 Kxc1
59. Kg5 Kd2 60. Kxh5 Ke3 61. g4 Kf4 62. h4 Kg3 63. g5 Kh3 64. g6 Kg3 65. Kg5
1-0

[Event "SR 2. liga A 2012/2013"]
[Site "?"]
[Date "2012.10.14"]
[Round "9.7"]
[White "Nemsak, Denis"]
[Black "Durica, Andrej"]
[Result "1-0"]
[WhiteElo "1873"]
[BlackElo "1839"]
[PlyCount "113"]
[EventDate "2012.??.??"]
[WhiteTeam "Piestany"]
[BlackTeam "DNV B"]

1. c4 e5 2. Nc3 Nc6 3. g3 f5 4. Bg2 Nf6 5. d3 Bc5 6. Bg5 Bxf2+ 7. Kf1 Bc5 8.
Bxf6 Qxf6 9. Nd5 Qd6 10. e4 O-O 11. Nf3 fxe4 12. dxe4 Nd4 13. Ke1 c6 14. Nc3
Qh6 15. Qd3 d6 16. Ne2 Nxe2 17. Kxe2 Bg4 18. Raf1 Bd4 19. h3 Bxf3+ 20. Bxf3
Bxb2 21. Rb1 Bd4 22. Rxb7 Rab8 23. Rhb1 Rxb7 24. Rxb7 Qxh3 25. Qb3 Qh2+ 26. Kd1
Qg1+ 27. Kd2 Qf2+ 28. Be2 Bc5 29. Kd1 Qd4+ 30. Ke1 Qxe4 31. Rb8 Bf2+ 32. Kd1
Qd4+ 33. Kc2 Be3 34. Rxf8+ Kxf8 35. Qb8+ Ke7 36. Qc7+ Kf6 37. Qd8+ Kg6 38. Qe8+
Kf6 39. Qf8+ Kg6 40. Qe8+ Kf6 41. Qf8+ Ke6 42. Bg4+ Qxg4 43. Qc8+ Kf6 44. Qxg4
Bc5 45. Qd7 h5 46. Qxc6 g6 47. Kd3 Kf5 48. Qd7+ Kg5 49. Ke4 a5 50. a4 Bb4 51.
Qe7+ Kh6 52. Qf6 Bc5 53. Qh8+ Kg5 54. Qd8+ Kh6 55. Qxa5 Kg5 56. Qd8+ Kh6 57. a5
1-0

[Event "SR 2. liga A 2012/2013"]
[Site "?"]
[Date "2012.10.14"]
[Round "9.8"]
[White "Galan, Anton"]
[Black "Curidlo, Jan"]
[Result "0-1"]
[WhiteElo "1809"]
[BlackElo "1880"]
[PlyCount "120"]
[EventDate "2012.??.??"]
[WhiteTeam "DNV B"]
[BlackTeam "Piestany"]

1. e4 c5 2. Nf3 d6 3. c3 Nc6 4. d4 cxd4 5. cxd4 e6 6. Nc3 a6 7. Be3 Nf6 8. h3
Be7 9. Bd3 O-O 10. a3 b5 11. b4 Bb7 12. O-O Rc8 13. Qb3 Qc7 14. Rac1 Qb8 15.
Rfe1 Rfd8 16. Rcd1 h6 17. d5 exd5 18. exd5 Ne5 19. Nxe5 dxe5 20. Bb6 Re8 21.
Bf5 Rc4 22. Ne4 Nxd5 23. Bc5 Qc7 24. Bxe7 Qxe7 25. Qg3 Ba8 26. Nc5 Rc3 27. Rd3
Rxd3 28. Nxd3 Qf6 29. Rxe5 Rd8 30. Be4 Nb6 31. Bxa8 Rxa8 32. Qe3 Nc4 33. Qe4
Rf8 34. Re8 Rxe8 35. Qxe8+ Kh7 36. Qe4+ g6 37. Qb7 Nxa3 38. Nc5 Kg7 39. Nxa6
Qe5 40. g3 Nc2 41. Qc6 Nxb4 42. Nxb4 Qe1+ 43. Kg2 Qxb4 44. Kf3 Qb3+ 45. Ke4 b4
46. Qc5 Qe6+ 47. Kd3 Qa6+ 48. Kd4 Qf6+ 49. Kd3 b3 50. f4 h5 51. Qb4 Qb2 52.
Qc3+ Qxc3+ 53. Kxc3 Kf6 54. g4 hxg4 55. hxg4 Ke6 56. Kxb3 Kd5 57. f5 g5 58. Kb4
Ke4 59. Kc5 Kf4 60. Kd6 Kxg4 0-1

[Event "SR 2. liga A 2012/2013"]
[Site "?"]
[Date "2012.10.14"]
[Round "10.1"]
[White "Kovacocy, Pavel"]
[Black "Hajek, Lukas"]
[Result "1-0"]
[WhiteElo "2221"]
[BlackElo "2155"]
[PlyCount "59"]
[EventDate "2012.??.??"]
[WhiteTeam "Trnava B"]
[BlackTeam "Doprastav C"]

1. c4 Nf6 2. g3 g6 3. Bg2 d5 4. cxd5 Nxd5 5. Nc3 Nb6 6. Nf3 Bg7 7. O-O Nc6 8.
d3 O-O 9. Be3 Bd7 10. Qc1 Re8 11. Rd1 Qc8 12. h4 Bh3 13. h5 e5 14. hxg6 fxg6
15. Ng5 Bxg2 16. Kxg2 Nd4 17. Rh1 h6 18. Nge4 g5 19. Rh5 Qe6 20. Qh1 Nd7 21.
Qh2 Nc2 22. Bxg5 Nxa1 23. Bxh6 Bxh6 24. Rxh6 Qf5 25. Rh5 Qg6 26. Rg5 Re6 27.
Qh6 Nf8 28. Nd5 Kf7 29. Rxg6 Rxg6 30. Qc1 1-0

[Event "SR 2. liga A 2012/2013"]
[Site "?"]
[Date "2012.10.14"]
[Round "10.2"]
[White "Danada, Tomas"]
[Black "Drtina, Milan"]
[Result "1-0"]
[WhiteElo "2098"]
[BlackElo "2202"]
[PlyCount "93"]
[EventDate "2012.??.??"]
[WhiteTeam "Doprastav C"]
[BlackTeam "Trnava B"]

1. d4 Nf6 2. c4 g6 3. Nc3 Bg7 4. e4 d6 5. Nge2 O-O 6. Ng3 c6 7. Be2 Qc7 8. h4
h5 9. Bg5 Nh7 10. Be3 e5 11. d5 c5 12. Qd2 Qe7 13. O-O-O Bd7 14. Rdg1 Na6 15.
Nf1 Nc7 16. g4 hxg4 17. h5 gxh5 18. Rxh5 f5 19. exf5 Bxf5 20. Bxg4 Bxg4 21.
Rxg4 Nf6 22. Rxg7+ Kxg7 23. Bh6+ Kf7 24. Bxf8 Rxf8 25. Rf5 Ke8 26. Qg5 Nd7 27.
Qg6+ Kd8 28. Ng3 Rf6 29. Qg5 Rxf5 30. Qxe7+ Kxe7 31. Nxf5+ Kf6 32. Nxd6 b6 33.
Nce4+ Kg6 34. Kd2 a6 35. Ke3 Kg7 36. Kf3 Kg6 37. Kg4 b5 38. b3 bxc4 39. bxc4
Na8 40. Nb7 Nab6 41. Nbxc5 Nf6+ 42. Nxf6 Kxf6 43. Ne4+ Ke7 44. Nd2 Kd6 45. Kf5
a5 46. a3 a4 47. f3 1-0

[Event "SR 2. liga A 2012/2013"]
[Site "?"]
[Date "2012.10.14"]
[Round "10.5"]
[White "Doucha, Ludvik"]
[Black "Petrik, Karol"]
[Result "0-1"]
[WhiteElo "2072"]
[BlackElo "2091"]
[PlyCount "124"]
[EventDate "2012.??.??"]
[WhiteTeam "Trnava B"]
[BlackTeam "Doprastav C"]

1. e4 g6 2. d4 Bg7 3. Nf3 c6 4. c4 d6 5. Nc3 Nf6 6. Be2 O-O 7. O-O Nbd7 8. Bg5
e5 9. d5 h6 10. Bd2 Nc5 11. Qc2 Qe7 12. b4 Ncd7 13. Rfd1 cxd5 14. cxd5 Ne8 15.
Be1 Ndf6 16. Nd2 Bd7 17. a4 Rc8 18. Qb3 Nh7 19. Bb5 f5 20. Bxd7 Qxd7 21. f3 Ng5
22. Nb5 fxe4 23. fxe4 Nf6 24. Qd3 a6 25. Nc3 Nh5 26. Ne2 Nf4 27. Nxf4 exf4 28.
Rac1 Qxa4 29. e5 Rxc1 30. Rxc1 dxe5 31. h4 Nf7 32. Qxg6 Qd7 33. Ne4 Nh8 34.
Qe6+ Qxe6 35. dxe6 Re8 36. Rc7 Rxe6 37. Rxb7 Rc6 38. Nc5 Nf7 39. Ra7 Bf8 40.
Nxa6 Rc1 41. Kf1 Nd6 42. Ke2 Nb5 43. Rb7 Nd4+ 44. Kd2 Ra1 45. Nc5 f3 46. gxf3
Nxf3+ 47. Ke2 Nxe1 48. Ne6 Ng2 49. Rb8 Nf4+ 50. Nxf4 exf4 51. Kf3 Rf1+ 52. Kg2
Rb1 53. Kf3 Rh1 54. Kxf4 Rxh4+ 55. Kg3 Rc4 56. b5 Kf7 57. Rb6 Rb4 58. Kf3 Bg7
59. Kg3 h5 60. Kh3 Be5 61. Rh6 Rb3+ 62. Kh4 Bf6+ 0-1

[Event "SR 2. liga A 2012/2013"]
[Site "?"]
[Date "2012.10.14"]
[Round "10.6"]
[White "Polacik, Igor"]
[Black "Liptak, Dusan"]
[Result "1-0"]
[WhiteElo "2172"]
[BlackElo "2060"]
[PlyCount "105"]
[EventDate "2012.??.??"]
[WhiteTeam "Doprastav C"]
[BlackTeam "Trnava B"]

1. d4 Nf6 2. c4 c5 3. Nf3 g6 4. Nc3 Bg7 5. e4 cxd4 6. Nxd4 d6 7. Be2 Nc6 8. Be3
O-O 9. O-O Nxd4 10. Bxd4 Be6 11. Qd2 Qa5 12. Rfd1 Rfc8 13. b3 Nd7 14. Rac1 Bxd4
15. Qxd4 Qg5 16. g3 h5 17. f4 Qc5 18. Bf3 a5 19. Qxc5 Nxc5 20. f5 gxf5 21. exf5
Bxf5 22. Nd5 Kf8 23. Nb6 Bg6 24. Rc3 Rab8 25. Nxc8 Rxc8 26. Rd4 Kg7 27. Re3 Rc7
28. Rh4 a4 29. Bxh5 axb3 30. axb3 Bc2 31. b4 Nd3 32. b5 Ne5 33. Be2 Bf5 34. Rd4
Be6 35. Ra3 Nxc4 36. Bxc4 Rxc4 37. Rxc4 Bxc4 38. b6 e5 39. Rc3 d5 40. Ra3 d4
41. Ra7 Bd5 42. Ra5 Bf3 43. Kf2 e4 44. Ra4 d3 45. Ke3 Kf6 46. Rd4 Ke5 47. h4 f5
48. Rd7 Ke6 49. Rh7 Kd6 50. h5 Kc6 51. h6 f4+ 52. gxf4 Bg4 53. Rf7 1-0

[Event "SR 2. liga A 2012/2013"]
[Site "?"]
[Date "2012.10.14"]
[Round "10.7"]
[White "Sturdik, Igor"]
[Black "Krajnak, Robert"]
[Result "0-1"]
[WhiteElo "2027"]
[BlackElo "2075"]
[PlyCount "80"]
[EventDate "2012.??.??"]
[WhiteTeam "Trnava B"]
[BlackTeam "Doprastav C"]

1. e4 c5 2. Nf3 e6 3. d4 cxd4 4. Nxd4 Nc6 5. Nc3 Qc7 6. Nxc6 bxc6 7. Bd3 Nf6 8.
O-O Be7 9. Be3 O-O 10. f4 a5 11. e5 Nd5 12. Nxd5 cxd5 13. Qd2 g6 14. Rf3 f5 15.
exf6 Bxf6 16. c3 Bg7 17. Raf1 a4 18. Rh3 d6 19. Rhf3 a3 20. Bd4 axb2 21. Bxg7
Qxg7 22. Qxb2 Qa7+ 23. R3f2 Rxf4 24. Kh1 Rxf2 25. Rxf2 Rb8 26. Qc2 Qg7 27. h3
e5 28. Qa4 Be6 29. Qc6 Qd7 30. Qxd7 Bxd7 31. Kh2 Kg7 32. Kg3 Rc8 33. Rc2 Bf5
34. Bxf5 gxf5 35. Kf3 Rc4 36. g3 h5 37. Ke2 h4 38. gxh4 Kf6 39. Kd2 Rxh4 40.
Rb2 Rxh3 0-1

[Event "SR 2. liga A 2012/2013"]
[Site "?"]
[Date "2012.10.14"]
[Round "10.8"]
[White "Jelenciak, Jozef"]
[Black "Puskar, Peter"]
[Result "0-1"]
[WhiteElo "1922"]
[BlackElo "2004"]
[PlyCount "38"]
[EventDate "2012.??.??"]
[WhiteTeam "Doprastav C"]
[BlackTeam "Trnava B"]

1. e4 c5 2. Nc3 g6 3. Bc4 Nc6 4. d3 Bg7 5. f4 d6 6. Nf3 e6 7. O-O Nge7 8. Qe1
O-O 9. f5 Nd4 10. Qh4 Nec6 11. Bg5 f6 12. fxg6 hxg6 13. Bh6 Rb8 14. g4 Qe7 15.
Bxg7 Qxg7 16. g5 f5 17. exf5 Rxf5 18. Qg3 Qe7 19. Nxd4 Rxg5 0-1

[Event "SR 2. liga A 2012/2013"]
[Site "?"]
[Date "2012.10.14"]
[Round "11.1"]
[White "Pagerka, Martin"]
[Black "Rachela, Milan"]
[Result "0-1"]
[WhiteElo "2261"]
[BlackElo "2364"]
[PlyCount "110"]
[EventDate "2012.??.??"]
[WhiteTeam "Osuske B"]
[BlackTeam "D. Streda B"]

1. e4 e5 2. Nf3 Nc6 3. Bb5 a6 4. Ba4 Nge7 5. O-O d6 6. c3 Bd7 7. d4 Ng6 8. Bb3
Be7 9. a4 h6 10. a5 Bg5 11. Nbd2 Qf6 12. Bc4 Nf4 13. Qb3 O-O-O 14. Ra4 exd4 15.
cxd4 Nxd4 16. Nxd4 Bxa4 17. Qc3 d5 18. e5 Qg6 19. Ba2 Kb8 20. Bb1 Qh5 21. Re1
Ne6 22. g3 Be7 23. b4 Rc8 24. Bf5 Nxd4 25. g4 Nb5 26. Qa1 Qh4 27. Nf3 Qh3 28.
Re3 Bh4 29. Qxa4 d4 30. Rd3 g6 31. Nd2 Bxf2+ 32. Kh1 Qh4 33. Nf3 Qe7 34. Bxc8
Rxc8 35. Bxh6 Qe6 36. Kg2 Be3 37. Bxe3 Qxg4+ 38. Kf2 dxe3+ 39. Kxe3 Re8 40. Qb3
Qf5 41. Qd5 g5 42. Qe4 Qh3 43. Kd2 g4 44. Nd4 Qxh2+ 45. Kc1 Rxe5 46. Nxb5 Qg1+
47. Kc2 Rxb5 48. Qe8+ Ka7 49. Rd8 Qf2+ 50. Kb3 Qf3+ 51. Ka2 b6 52. Rd7 Qg2+ 53.
Kb3 Qg3+ 54. Ka2 Rxb4 55. axb6+ Rxb6 0-1

[Event "SR 2. liga A 2012/2013"]
[Site "?"]
[Date "2012.10.14"]
[Round "11.2"]
[White "Petenyi, Tamas"]
[Black "Cajka, Tibor"]
[Result "1-0"]
[WhiteElo "2457"]
[BlackElo "2170"]
[PlyCount "65"]
[EventDate "2012.??.??"]
[WhiteTeam "D. Streda B"]
[BlackTeam "Osuske B"]

1. e4 d6 2. d4 Nf6 3. Nc3 g6 4. Be3 Bg7 5. f3 O-O 6. Qd2 Re8 7. O-O-O c6 8. g4
b5 9. h4 b4 10. Nce2 Qa5 11. Kb1 c5 12. dxc5 dxc5 13. Nc1 Be6 14. Nb3 Bxb3 15.
cxb3 Nc6 16. Qc2 Nd4 17. Bxd4 cxd4 18. h5 Nd7 19. hxg6 hxg6 20. f4 Rac8 21. Qg2
Rc6 22. Nf3 e5 23. f5 Nc5 24. fxg6 Rxg6 25. Nh4 Rf6 26. Nf5 d3 27. Qh3 Rxf5 28.
gxf5 Nxe4 29. Bxd3 Nf2 30. Qh7+ Kf8 31. Rhg1 Nxd1 32. Qxg7+ Ke7 33. Rxd1 1-0

[Event "SR 2. liga A 2012/2013"]
[Site "?"]
[Date "2012.10.14"]
[Round "11.3"]
[White "Bury, Rastislav"]
[Black "Takacs, Laszlo"]
[Result "1/2-1/2"]
[WhiteElo "2099"]
[BlackElo "2134"]
[PlyCount "49"]
[EventDate "2012.??.??"]
[WhiteTeam "Osuske B"]
[BlackTeam "D. Streda B"]

1. d4 Nf6 2. c4 g6 3. Nc3 Bg7 4. e4 d6 5. f4 O-O 6. Nf3 c5 7. d5 a6 8. Be2 e6
9. a4 exd5 10. cxd5 Re8 11. e5 dxe5 12. fxe5 Ng4 13. Bg5 Qa5 14. O-O Nxe5 15.
Nxe5 Bxe5 16. Bc4 Qb4 17. Qf3 Bf5 18. g4 Qxc4 19. gxf5 f6 20. fxg6 Nd7 21. Ne4
Qxe4 22. Qxe4 Bxh2+ 23. Kxh2 Rxe4 24. gxh7+ Kxh7 25. Bxf6 1/2-1/2

[Event "SR 2. liga A 2012/2013"]
[Site "?"]
[Date "2012.10.14"]
[Round "11.4"]
[White "Blaho, Stefan"]
[Black "Jozefek, Michal"]
[Result "1-0"]
[WhiteElo "2134"]
[BlackElo "2060"]
[PlyCount "95"]
[EventDate "2012.??.??"]
[WhiteTeam "D. Streda B"]
[BlackTeam "Osuske B"]

1. d4 Nf6 2. c4 e6 3. Nf3 b6 4. g3 Bb7 5. Bg2 Bb4+ 6. Nbd2 O-O 7. O-O d5 8. b3
Bc3 9. Rb1 dxc4 10. Nxc4 Be4 11. Ba3 Bxb1 12. Bxf8 Be4 13. Ba3 a5 14. Nce5 h6
15. Qc1 Bb4 16. Bb2 Na6 17. g4 Nh7 18. Nxf7 Qd5 19. N7e5 b5 20. Nh4 Bxg2 21.
Nxg2 Ng5 22. Qc6 Nh3+ 23. Kh1 Qxc6 24. Nxc6 Rf8 25. f3 Bd6 26. a3 h5 27. gxh5
Rf5 28. Ne3 Rxh5 29. Ng4 Nf4 30. Rf2 a4 31. b4 Nh3 32. Rg2 Kf8 33. Bc1 Nf4 34.
Bxf4 Bxf4 35. e3 Bd6 36. Nge5 Rh3 37. Rc2 g5 38. Kg2 Rh5 39. h3 Ke8 40. Ng4 Rh8
41. Na7 Bxb4 42. axb4 Nxb4 43. Rc5 a3 44. Rxb5 Nc2 45. Ra5 c6 46. Nxc6 Kd7 47.
Nce5+ Kc7 48. Nc4 1-0

[Event "SR 2. liga A 2012/2013"]
[Site "?"]
[Date "2012.10.14"]
[Round "11.5"]
[White "Spacek, Oliver"]
[Black "Merva, Frantisek"]
[Result "0-1"]
[WhiteElo "1977"]
[BlackElo "2006"]
[PlyCount "102"]
[EventDate "2012.??.??"]
[WhiteTeam "Osuske B"]
[BlackTeam "D. Streda B"]

1. d4 d5 2. c4 c6 3. Nf3 Nf6 4. e3 a6 5. b3 Bg4 6. Nbd2 e6 7. h3 Bh5 8. Bb2 Bb4
9. g4 Bg6 10. a3 Bxd2+ 11. Nxd2 Ne4 12. h4 h5 13. Nxe4 Bxe4 14. f3 Bg6 15. g5
Qc7 16. Kf2 Nd7 17. Bd3 Bxd3 18. Qxd3 O-O-O 19. f4 f6 20. Rac1 dxc4 21. Rxc4
Nb6 22. Rc5 Rd5 23. Qe4 Qf7 24. Kg2 fxg5 25. hxg5 g6 26. Rf1 Qf5 27. Qf3 Qf8
28. e4 Rd7 29. Qh3 Qd6 30. Re5 Re7 31. f5 exf5 32. exf5 Rxe5 33. dxe5 Qd2+ 34.
Rf2 Qxg5+ 35. Kh2 gxf5 36. Rxf5 Qg4 37. e6 Qxh3+ 38. Kxh3 Re8 39. Re5 Nd5 40.
Bc1 Kc7 41. Kg3 Kd6 42. Bf4 h4+ 43. Kf3 Nxf4 44. Kxf4 Rxe6 45. Rh5 Rf6+ 46. Ke3
Rg6 47. Rxh4 Rg3+ 48. Kd4 Rxb3 49. Rh6+ Kc7 50. a4 a5 51. Kc5 Rc3+ 0-1

[Event "SR 2. liga A 2012/2013"]
[Site "?"]
[Date "2012.10.14"]
[Round "11.6"]
[White "Ujhelyi, Matus"]
[Black "Polasek, Filip"]
[Result "1-0"]
[WhiteElo "1977"]
[BlackElo "2093"]
[PlyCount "47"]
[EventDate "2012.??.??"]
[WhiteTeam "D. Streda B"]
[BlackTeam "Osuske B"]

1. e4 e5 2. Nf3 Nc6 3. Bb5 a6 4. Ba4 Nf6 5. O-O Be7 6. Re1 b5 7. Bb3 O-O 8. h3
d6 9. c3 Na5 10. Bc2 c5 11. d4 exd4 12. cxd4 c4 13. Nbd2 d5 14. exd5 Nxd5 15.
Ne4 f6 16. a3 Bb7 17. Nc3 Re8 18. Bd2 Nxc3 19. Bxc3 Bd5 20. Nh4 Nc6 21. Qh5 h6
22. Qf5 Bf7 23. Qh7+ Kf8 24. Nf5 1-0